000 00773nam a22002417a 4500
999 _c15199
_d15199
003 AR-CdUCM
008 190426b ||||| |||| 00| 0 spa d
020 _a978-958-42-6134-2
040 _aMUNICIPALIDAD PROVINCIAL DEL CUSCO
_cBIBLIOTECA MUNICIPAL DEL CUSCO
041 _hspa
082 _aES / 803 /
_bD66
100 _aPines, Dipper
_934229
245 _aEl manual de Dipper y Mabel para expertos en misterio y !Diversión sin fin! /
260 _aBogotá :
_bPlaneta colombiana,
_c2017.
300 _a160 páginas ;
_c21 cm.
_bIlustración,
440 _aDisney gravity falls
_934230
650 _aLiteratura
_9416
650 _aInfantil
_96210
650 _aInfancia
_95236
700 _aPines, Mabel
_934231
942 _2ddc
_cLIBROS
945 _arah
_d26/04/2019